LEADER 00924nam a2200205 i 4500 001 000000216382 003 CaOOAMICUS 005 20200407170907.0 008 121017s1891 it u000 u lat u 013 $a195271 040 $aSeMil$bita 245 10$a2: De Deo uno et trino ; De Deo creatore. 300 $a266 p. 650 4$aCreazione - Teologia.$0(OLS)http://semarc/subject/2265 650 4$aTrinità - Teologia - De Deo uno et trino.$0(OLS)http://semarc/subject/4413 773 0 $aSala, Federico Domenico $tInstitutiones positivo-scholasticae theologiae dogmaticae.$dMediolani : Ex Typographia Pontificia S. Josephi, 1891-1892.$bEditio 4. emendata.$g2$w()965 850 $aSeMil 852 $aSeMil$W1$xVenegono$y1$m2D III 84 FA$j166801$B166801$CSeMilBibl$Z2$F177652 $8I 996 $6245$a2: De Deo uno et trino ; De Deo creatore$9(OLS)http://semarc/title/311165 LEADER 01112nam a2200229 i 4500 001 000000099526 003 CaOOAMICUS 005 20171016000000.0 008 171016s1883 it u000 u ita u 013 $a71678 040 $aSeMil$bita 100 1 $aRovani, Giuseppe <1818-1874>.$0(OLS)http://semarc/name/11555 245 10$aStoria della Grecia negli ultimi trent'anni :$b1824-1854 : in continuazione a quella di Pouqueville /$cdi Giuseppe Rovani. 260 $aMilano :$bFerrario,$c1883. 300 $a360 p., [8] c. di tav. :$bill. ;$c21 cm. 650 4$aGrecia - Storia.$0(OLS)http://semarc/subject/44644 650 4$aGrecia - Storia - 1824-1854.$0(OLS)http://semarc/subject/45869 700 1 $aPouqueville, François Charles Hugues Laurent.$0(OLS)http://semarc/name/89433 850 $aSeMil 852 $aSeMil$W1$xVenegono$y1$m3S III 34 FA$j56987$B56987$CSeMilBibl$Z2$F67037 $8I 996 $6245$aStoria della Grecia negli ultimi trent'anni :$b1824-1854 : in continuazione a quella di Pouqueville$9(OLS)http://semarc/title/406511 996 $6260$aMilano :$bFerrario$9(OLS)http://semarc/publisher/56915